قضية القدس ومستقبلها في القرن الحادي والعشرين / (رقم التسجيلة. 87917)

تفاصيل مارك
000 -LEADER
fixed length control field 00760nam a22002297a 4500
005 - DATE AND TIME OF LATEST TRANSACTION
control field 20251108172749.0
008 - FIXED-LENGTH DATA ELEMENTS--GENERAL INFORMATION
fixed length control field 250721s2002 xx 000 0 ara d
082 14 - DEWEY DECIMAL CLASSIFICATION NUMBER
Classification number 956.411/قضي
100 1# - MAIN ENTRY--PERSONAL NAME
Personal name أبو جابر، إبراهيم
Relator term مؤلف
245 10 - TITLE STATEMENT
Title قضية القدس ومستقبلها في القرن الحادي والعشرين /
250 ## - EDITION STATEMENT
Edition statement 3
264 1# - PRODUCTION, PUBLICATION, DISTRIBUTION, MANUFACTURE, AND COPYRIGHT NOTICE
Place of production, publication, distribution, manufacture عمان :
Name of producer, publisher, distributor, manufacturer مركز دراسات الشرق الأوسط،
Date of production, publication, distribution, manufacture, or copyright notice 2002.
300 ## - PHYSICAL DESCRIPTION
Extent 180ص
490 0# - SERIES STATEMENT
Series statement (دراسات ؛ 24)
650 17 - SUBJECT ADDED ENTRY--TOPICAL TERM
Topical term or geographic name as entry element تاريخ فلسطين
650 17 - SUBJECT ADDED ENTRY--TOPICAL TERM
Topical term or geographic name as entry element القدس
650 17 - SUBJECT ADDED ENTRY--TOPICAL TERM
Topical term or geographic name as entry element النزاع العربي الإسرائيلي
650 17 - SUBJECT ADDED ENTRY--TOPICAL TERM
Topical term or geographic name as entry element القانون الدولي
700 1# - ADDED ENTRY--PERSONAL NAME
Personal name الحمد، جواد
Relator term مؤلف
942 ## - ADDED ENTRY ELEMENTS (KOHA)
Source of classification or shelving scheme Dewey Decimal Classification
Koha item type كتب
المقتنيات
حالة السحب حالة الفقدان مصدر التصنيف حالة التلف غير قابل للإعارة المكتبة الرئيسية المكتبة الحالية موقع الرف تاريخ التزويد الرقم المتسلسل Total Checkouts رقم الإستدعاء تاريخ آخر ظهور تاريخ الفاتورة نوع المادة (كوها) الباركود
    Dewey Decimal Classification     مكتبة أبو علندا العامة مكتبة أبو علندا العامة الإعارة 09/09/2008     956.411/قضي 28/07/2025 09/09/2008 كتب PLD00039814
    Dewey Decimal Classification     مكتبة الأميرة سلمى مكتبة الأميرة سلمى الإعارة 17/06/2015 1464912   956.411/قضي 28/07/2025 17/06/2015 كتب PLD00331953
    Dewey Decimal Classification Unchecked   مكتبة النصر العامة مكتبة النصر العامة الإعارة 13/07/2004 930212   956.411/قضي 28/07/2025 13/07/2004 كتب  
    Dewey Decimal Classification     مكتبة صويلح العامة مكتبة صويلح العامة الإعارة 06/07/2019 514596...   956.411/قضي 28/07/2025 06/07/2019 كتب PLD00456278
Implemented & Customized by: BBB with SCIT (Smart Chains for Information Technology)

Powered by Koha